000 00924cab a2200277 4500
001 ABS50399
008 090401t1994 xxu||||| |||| 00| 0 eng d
035 _a(Sirsi) u75549
041 _aeng
100 _aFleischer, C.C.
245 _aSurvey and analysis of bomb damaged reinforced concrete structures
260 _c1994
350 _a0
490 _aConstruction Repair
_v8(2) March 1994, 42-47(6)
520 _aResults of a study of a bomb damaged building in the Middle East. The study involved visual examination, non-destructive tests to estimate the quality of concrete and material tests for the buckled reinforcement.
650 _aBOMB DAMAGE
650 _aCONCRETE
650 _aCRACKS
650 _aEXPLOSIONS
650 _aREINFORCED CONCRETE
650 _aREPAIRS
690 _aBUILT ENVIRONMENT-BUILDING PATHOLOGY
700 _aChapman-Andrews, J.F
942 _n0
948 _c04/03/1997
999 _c47534
_d47534